|
|
|
|
| LEADER |
00773 a2200169 4500 |
| 008 |
150103s9999 000 0 eng |
| 020 |
|
|
|a 8185381968
|
| 082 |
|
|
|a 780.148
|
| 100 |
|
|
|a Krishna Prasad, V. K.
|
| 245 |
|
|
|a Carnatic music reader in western staff notation:part 7/
|
| 260 |
|
|
|a Nagercoil:
|b C. B. H. Publications,
|c c2007.
|
| 300 |
|
|
|a 136 p.
|
| 650 |
|
|
|a Musical notation-Carnatic music
|
| 942 |
|
|
|c BK
|
| 999 |
|
|
|c 304355
|d 304355
|
| 952 |
|
|
|0 0
|1 0
|2 ddc
|4 0
|6 780_148000000000000_KRI_CA_7
|7 0
|8 MUSIC
|9 348573
|a DRA
|b DRA
|c ST1
|d 2011-07-01
|g 110.00
|i 692M
|l 0
|o 780.148 KRI/CA.7
|p DRA692M
|r 2019-01-03
|w 2019-01-03
|y BK
|
| 952 |
|
|
|0 0
|1 0
|2 ddc
|4 0
|6 780_148000000000000_KRI_CA_7
|7 0
|8 MUSIC
|9 348574
|a DRA
|b DRA
|c ST1
|d 2011-07-01
|g 110.00
|i 691M
|l 0
|o 780.148 KRI/CA.7
|p DRA691M
|r 2019-01-03
|w 2019-01-03
|y BK
|